000 00371cam a2200145 4500
001 L135687
008 061124n2007 000 0 eng u
020 _a140513917X
035 _a(Sirsi) u135687
245 _aUrban sprawl - european patters & policy
260 _aBlackwell Publishing
_a2007
350 _a45.00
520 _aDue for publication 2007
942 _n0
999 _c106154
_d106154